| 000 | 00934nam a2200301 i 4500 | ||
|---|---|---|---|
| 001 | 5881 | ||
| 003 | ES-MaACL | ||
| 005 | 20250830052203.0 | ||
| 008 | 890612s1988 sp |||| | spa d | ||
| 020 | _a84-7658-102-5 | ||
| 080 | _a860 Miró, Gabriel 1.06 | ||
| 080 | _a860-32"19" | ||
| 100 | 1 |
_aAltisent, Marta. _920547 |
|
| 245 | 1 | 3 |
_aLa narrativa breve de Gabriel Miró y antología de cuentos / _cMarta Altisent. |
| 246 | 3 | 0 | _aAntología de cuentos |
| 250 | _a1ª ed. | ||
| 260 |
_aBarcelona : _bAnthropos, _c1988. |
||
| 300 |
_a319 p. ; _c20 cm. |
||
| 490 | 1 |
_aÁmbitos literarios. Ensayo ; _v24 |
|
| 500 | _aApéndices. | ||
| 504 | _aBibliografía: p. 299-308. | ||
| 600 | 1 | 4 |
_aMiró, Gabriel- _xCrítica e interpretación. _981603 |
| 700 | 1 |
_aMiró, Gabriel. _981602 |
|
| 830 | 0 | 0 |
_aÁmbitos literarios. _pEnsayo _v24 _9236239 |
| 852 |
_aES-MaACL _jL-13036 |
||
| 942 | _2udc | ||
| 999 |
_c5881 _d5881 |
||